Sports Quiz

Random Sports or Football Quiz
Score 0/260 Timer 10:00
0 Plays Today
Hint Answer % Correct
2002 - PreseasonFlorida
99.5%
2005 - PreseasonFlorida
99.5%
2006- PreseasonFlorida
99.5%
2006 - End of SeasonFlorida
99.5%
2007 - PreseasonFlorida
99.5%
2008 - PreseasonFlorida
99.5%
2008 - End of SeasonFlorida
99.5%
2009 - PreseasonFlorida
99.5%
2009 - End of SeasonFlorida
99.5%
2010 - PreseasonFlorida
99.5%
2012 - End of SeasonFlorida
99.5%
2013 - PreseasonFlorida
99.5%
2002 - End of SeasonSouthern Cal
99.2%
2003 - PreseasonSouthern Cal
99.2%
2003 - End of SeasonSouthern Cal
99.2%
2004 - PreseasonSouthern Cal
99.2%
2004 - End of SeasonSouthern Cal
99.2%
2005 - PreseasonSouthern Cal
99.2%
2005 - End of SeasonSouthern Cal
99.2%
2005 - End of SeasonAlabama
99.2%
2006- PreseasonSouthern Cal
99.2%
2006 - End of SeasonSouthern Cal
99.2%
2007 - PreseasonSouthern Cal
99.2%
2007 - End of SeasonSouthern Cal
99.2%
2008 - PreseasonSouthern Cal
99.2%
2008 - End of SeasonSouthern Cal
99.2%
2008 - End of SeasonAlabama
99.2%
2009 - PreseasonSouthern Cal
99.2%
2009 - PreseasonAlabama
99.2%
2009 - End of SeasonAlabama
99.2%
2010 - PreseasonAlabama
99.2%
2010 - End of SeasonAlabama
99.2%
2011 - PreseasonAlabama
99.2%
2011 - End of SeasonAlabama
99.2%
2011 - End of SeasonSouthern Cal
99.2%
2012 - PreseasonSouthern Cal
99.2%
2012 - PreseasonAlabama
99.2%
2012 - End of SeasonAlabama
99.2%
2013 - PreseasonAlabama
99.2%
2013 - End of SeasonAlabama
99.2%
2014 - PreseasonAlabama
99.2%
2014 - End of SeasonAlabama
99.2%
2002 - PreseasonFlorida State
98.9%
2002 - End of SeasonOhio State
98.9%
2003 - PreseasonOhio State
98.9%
2003 - End of SeasonOhio State
98.9%
2004 - PreseasonFlorida State
98.9%
2004 - PreseasonOhio State
98.9%
2005 - PreseasonOhio State
98.9%
2005 - End of SeasonOhio State
98.9%
2006- PreseasonOhio State
98.9%
2006 - End of SeasonOhio State
98.9%
2007 - End of SeasonOhio State
98.9%
2008 - PreseasonOhio State
98.9%
2008 - End of SeasonOhio State
98.9%
2009 - PreseasonOhio State
98.9%
2009 - End of SeasonOhio State
98.9%
2010 - PreseasonOhio State
98.9%
2010 - End of SeasonOhio State
98.9%
2011 - PreseasonFlorida State
98.9%
2012 - PreseasonFlorida State
98.9%
2012 - End of SeasonOhio State
98.9%
2012 - End of SeasonFlorida State
98.9%
2013 - PreseasonOhio State
98.9%
2013 - End of SeasonFlorida State
98.9%
2014 - PreseasonFlorida State
98.9%
2014 - PreseasonOhio State
98.9%
2014 - End of SeasonFlorida State
98.9%
2014 - End of SeasonOhio State
98.9%
2002 - PreseasonOklahoma
98.6%
2002 - End of SeasonOklahoma
98.6%
2003 - PreseasonOklahoma
98.6%
2003 - PreseasonAuburn
98.6%
2003 - End of SeasonOklahoma
98.6%
2004 - PreseasonOklahoma
98.6%
2004 - End of SeasonAuburn
98.6%
2004 - End of SeasonOklahoma
98.6%
2005 - PreseasonOklahoma
98.6%
2006- PreseasonAuburn
98.6%
2006- PreseasonOklahoma
98.6%
2006 - End of SeasonAuburn
98.6%
2007 - PreseasonOklahoma
98.6%
2007 - End of SeasonOklahoma
98.6%
2008 - PreseasonOklahoma
98.6%
2008 - PreseasonAuburn
98.6%
2008 - End of SeasonOklahoma
98.6%
2009 - PreseasonOklahoma
98.6%
Hint Answer % Correct
2010 - PreseasonOklahoma
98.6%
2010 - End of SeasonAuburn
98.6%
2010 - End of SeasonOklahoma
98.6%
2011 - PreseasonOklahoma
98.6%
2012 - PreseasonOklahoma
98.6%
2013 - End of SeasonAuburn
98.6%
2013 - End of SeasonOklahoma
98.6%
2014 - PreseasonOklahoma
98.6%
2014 - PreseasonAuburn
98.6%
2002 - PreseasonTexas
98.4%
2002 - End of SeasonTexas
98.4%
2003 - PreseasonTexas
98.4%
2004 - PreseasonTexas
98.4%
2004 - End of SeasonTexas
98.4%
2005 - PreseasonTexas
98.4%
2005 - End of SeasonTexas
98.4%
2006- PreseasonTexas
98.4%
2007 - PreseasonTexas
98.4%
2007 - End of SeasonTexas
98.4%
2008 - End of SeasonTexas
98.4%
2008 - End of SeasonOregon
98.4%
2009 - PreseasonTexas
98.4%
2009 - End of SeasonTexas
98.4%
2010 - PreseasonTexas
98.4%
2010 - End of SeasonOregon
98.4%
2011 - PreseasonOregon
98.4%
2011 - End of SeasonOregon
98.4%
2012 - PreseasonOregon
98.4%
2012 - End of SeasonOregon
98.4%
2013 - PreseasonOregon
98.4%
2013 - End of SeasonOregon
98.4%
2014 - PreseasonOregon
98.4%
2014 - End of SeasonOregon
98.4%
2002 - PreseasonGeorgia
97.5%
2002 - End of SeasonGeorgia
97.5%
2002 - End of SeasonMichigan
97.5%
2003 - PreseasonGeorgia
97.5%
2003 - PreseasonMichigan
97.5%
2003 - End of SeasonMichigan
97.5%
2003 - End of SeasonGeorgia
97.5%
2004 - PreseasonGeorgia
97.5%
2004 - PreseasonMichigan
97.5%
2004 - End of SeasonGeorgia
97.5%
2005 - PreseasonMichigan
97.5%
2005 - End of SeasonGeorgia
97.5%
2006 - End of SeasonMichigan
97.5%
2007 - PreseasonMichigan
97.5%
2007 - End of SeasonGeorgia
97.5%
2008 - PreseasonGeorgia
97.5%
2012 - PreseasonGeorgia
97.5%
2012 - PreseasonMichigan
97.5%
2012 - End of SeasonGeorgia
97.5%
2013 - PreseasonGeorgia
97.5%
2002 - PreseasonMiami (FL)
97.3%
2002 - End of SeasonMiami (FL)
97.3%
2003 - PreseasonMiami (FL)
97.3%
2003 - End of SeasonMiami (FL)
97.3%
2003 - End of SeasonMiami (OH)
97.3%
2004 - PreseasonMiami (FL)
97.3%
2005 - PreseasonMiami (FL)
97.3%
2003 - End of SeasonLouisiana State
96.7%
2004 - PreseasonLouisiana State
96.7%
2005 - PreseasonLouisiana State
96.7%
2005 - End of SeasonLouisiana State
96.7%
2006- PreseasonLouisiana State
96.7%
2006 - End of SeasonLouisiana State
96.7%
2007 - PreseasonLouisiana State
96.7%
2007 - End of SeasonLouisiana State
96.7%
2008 - PreseasonLouisiana State
96.7%
2010 - End of SeasonLouisiana State
96.7%
2011 - PreseasonLouisiana State
96.7%
2011 - End of SeasonLouisiana State
96.7%
2012 - PreseasonLouisiana State
96.7%
2013 - End of SeasonMichigan State
96.4%
2014 - PreseasonMichigan State
96.4%
2014 - End of SeasonMichigan State
96.4%
2002 - PreseasonWashington
95.4%
2009 - PreseasonOklahoma State
95.1%
2011 - PreseasonOklahoma State
95.1%
2011 - End of SeasonOklahoma State
95.1%
2002 - PreseasonTennessee
94.8%
2005 - PreseasonTennessee
94.8%
2008 - End of SeasonTexas Christian
94.8%
2009 - End of SeasonTexas Christian
94.8%
2010 - PreseasonTexas Christian
94.8%
2010 - End of SeasonTexas Christian
94.8%
2014 - End of SeasonTexas Christian
94.8%
Hint Answer % Correct
2006 - End of SeasonWisconsin
94.5%
2007 - PreseasonWisconsin
94.5%
2010 - End of SeasonWisconsin
94.5%
2011 - End of SeasonWisconsin
94.5%
2006 - End of SeasonBoise State
94.3%
2009 - End of SeasonBoise State
94.3%
2010 - PreseasonBoise State
94.3%
2010 - End of SeasonBoise State
94.3%
2011 - PreseasonBoise State
94.3%
2011 - End of SeasonBoise State
94.3%
2002 - PreseasonNebraska
94%
2010 - PreseasonNebraska
94%
2011 - PreseasonNebraska
94%
2008 - PreseasonClemson
93.2%
2013 - PreseasonClemson
93.2%
2013 - End of SeasonClemson
93.2%
2003 - PreseasonVirginia Tech
92.9%
2004 - End of SeasonVirginia Tech
92.9%
2005 - PreseasonVirginia Tech
92.9%
2005 - End of SeasonVirginia Tech
92.9%
2007 - PreseasonVirginia Tech
92.9%
2007 - End of SeasonVirginia Tech
92.9%
2009 - PreseasonVirginia Tech
92.9%
2009 - End of SeasonVirginia Tech
92.9%
2010 - PreseasonVirginia Tech
92.9%
2014 - PreseasonUCLA
92.9%
2002 - End of SeasonIowa
92.1%
2003 - End of SeasonIowa
92.1%
2004 - End of SeasonIowa
92.1%
2009 - End of SeasonIowa
92.1%
2010 - PreseasonIowa
92.1%
2010 - End of SeasonStanford
91.8%
2011 - PreseasonStanford
91.8%
2011 - End of SeasonStanford
91.8%
2012 - End of SeasonStanford
91.8%
2013 - PreseasonStanford
91.8%
2005 - End of SeasonPenn State
91.5%
2008 - End of SeasonPenn State
91.5%
2009 - PreseasonPenn State
91.5%
2009 - End of SeasonPenn State
91.5%
2007 - End of SeasonKansas
91.3%
2014 - End of SeasonGeorgia Tech
91.3%
2007 - End of SeasonMissouri
91%
2008 - PreseasonMissouri
91%
2013 - End of SeasonMissouri
91%
2005 - End of SeasonNotre Dame
90.7%
2006- PreseasonNotre Dame
90.7%
2011 - PreseasonTexas A&M
90.7%
2012 - End of SeasonNotre Dame
90.7%
2012 - End of SeasonTexas A&M
90.7%
2013 - PreseasonTexas A&M
90.7%
2002 - End of SeasonKansas State
90.2%
2003 - PreseasonKansas State
90.2%
2004 - End of SeasonUtah
89.9%
2008 - End of SeasonUtah
89.9%
2009 - PreseasonMississippi
89.9%
2014 - End of SeasonMississippi
89.9%
2011 - End of SeasonArkansas
89.1%
2012 - PreseasonArkansas
89.1%
2014 - PreseasonBaylor
88.8%
2014 - End of SeasonBaylor
88.8%
2011 - End of SeasonSouth Carolina
87.4%
2012 - PreseasonSouth Carolina
87.4%
2012 - End of SeasonSouth Carolina
87.4%
2013 - PreseasonSouth Carolina
87.4%
2013 - End of SeasonSouth Carolina
87.4%
2014 - PreseasonSouth Carolina
87.4%
2002 - PreseasonColorado
87.2%
2002 - End of SeasonWashington State
87.2%
2003 - End of SeasonWashington State
87.2%
2004 - End of SeasonCalifornia
86.6%
2006- PreseasonCalifornia
86.6%
2004 - PreseasonWest Virginia
85.5%
2004 - End of SeasonLouisville
85.5%
2005 - End of SeasonWest Virginia
85.5%
2006- PreseasonWest Virginia
85.5%
2006 - End of SeasonLouisville
85.5%
2006 - End of SeasonWest Virginia
85.5%
2007 - PreseasonWest Virginia
85.5%
2007 - PreseasonLouisville
85.5%
2007 - End of SeasonWest Virginia
85.5%
2008 - PreseasonWest Virginia
85.5%
2013 - PreseasonLouisville
85.5%
2014 - End of SeasonMississippi State
84.2%
2009 - End of SeasonCincinnati
66.9%
2013 - End of SeasonCentral Florida
63.7%
Remove Ads.
Support Sporcle.
Get the best of Sporcle when you Go Orange. This ad-free experience offers more features, more stats, and more fun while also helping to support Sporcle. Thank you for becoming a member.

You're not logged in!

Compare scores with friends on all Sporcle quizzes.
OR
Log In

Show Comments

Extras

Top Quizzes Today


Score Distribution

Your Account Isn't Verified!

In order to create a playlist on Sporcle, you need to verify the email address you used during registration. Go to your Sporcle Settings to finish the process.

Report this User

Report this user for behavior that violates our Community Guidelines.

Details: